| 000 | 00593nam a2200169 a 4500 | ||
|---|---|---|---|
| 008 | 120416s1998 ||||||||||||||||| || u | ||
| 020 | _a0521588170 | ||
| 050 | _aTK 7880 Hof | ||
| 100 | _aHoff, Philip | ||
| 245 | 1 | 0 | _aConsumer electronics for engineers |
| 260 |
_aCambridge _bC.U.P _c1998 |
||
| 350 | _a0.00 | ||
| 650 | _aHOUSEHOLD ELECTRONICS | ||
| 650 | 0 | _aELECTRONICS | |
| 650 | _aELECTRONIC CIRCUITS--DESIGN AND CONSTRUCTION | ||
| 995 |
_D0.00 _FCBU-MAIN LIBRARY (Kitwe) _H1 _I27.95 _M1 _UAVAILABLE _ZMain Library Open Access Collection |
||
| 999 |
_c38596 _d38596 |
||